MARC

LEADER 00000nam2a2200000 4500
001 16212
005 20241126063147.0
035 |a (RuTPU)RU\TPU\book\16334 
035 |a BOOK00016403 
090 |a 16212 
100 |a 20011209d1968 k||y0rusy50 ca 
101 0 |a rus 
102 |a RU 
105 |a y z 000yd 
181 0 |a i   |b  e  
182 0 |a n 
183 0 |a nc  |2 RDAcarrier 
200 0 |a Т. 7 
203 |a Текст  |b визуальный  |c непосредственный 
210 |d 1968 
215 |a 483 с. 
283 |a volume  |2 RDAcarrier 
461 1 |0 676400  |9 676400  |a Татищев, Василий Никитич  |t История Российская  |o в 7 т.  |f В. Н. Татищев  |g Ленинградское отделение Института истории АН СССР  |c Москва  |c Ленинград  |n Изд-во АН СССР, Ленинградское отделение  |d 1962-1968  |v Т. 7 
600 0 |a Иван Грозный  |d IV  |c великий князь московский, первый русский царь  |f 1530-1584  |c из династии Рюриковичей  |2 stltpui  |3 (RuTPU)RU\TPU\pers\1414 
600 0 |a Михаил Федорович  |c русский царь  |c из династии Романовых  |f 1596-1645  |2 stltpush  |3 (RuTPU)RU\TPU\pers\10059 
606 |a Россия  |x История  |7 ca  |8 rus  |9 81526 
610 1 |a 16 век 
610 1 |a 17 век 
610 1 |a 18 век 
610 1 |a Судебник Российский 
610 1 |a Правда Русская 
686 |a Т3(2)  |2 rubbk 
801 0 |a RU  |b 63413507  |c 20011209  |g PSBO 
801 2 |a RU  |b 63413507  |c 20120831  |g PSBO 
942 |c BK